Fakulta financií na Univerzite Mateja Bela v Banskej Bystrici

Zameranie Fakulty financií na Univerzite Mateja Bela v Banskej Bystrici. Medzinárodná spolupráca fakulty. Vedecká profilácia. Integrované centrum vzdelávania pre bankovníctvo a financie.

Salvato in:
Dettagli Bibliografici
Autore principale: Kolenka, Ivan
Natura: Capitolo di libro
Lingua:slovacco
Soggetti:
Tags: Aggiungi Tag
Nessun Tag, puoi essere il primo ad aggiungerne!!

MARC

LEADER 00000naa a2200000 4500
001 r030290
005 20230809081132.5
041 0 |a slo 
044 |a SK 
245 1 0 |a Fakulta financií na Univerzite Mateja Bela v Banskej Bystrici  |c Ivan Kolenka 
520 |a Zameranie Fakulty financií na Univerzite Mateja Bela v Banskej Bystrici. Medzinárodná spolupráca fakulty. Vedecká profilácia. Integrované centrum vzdelávania pre bankovníctvo a financie. 
610 2 0 |a univerzity 
610 2 0 |a UMB Banská Bystrica 
610 2 0 |a odbory študijné 
610 2 0 |a financie 
610 2 0 |a bankovníctvo 
610 2 0 |a štúdium vysokoškolské 
610 2 0 |a vzdelávanie 
100 1 |a Kolenka, Ivan